Roblox Rivals - All Maps - Statistics

General Stats
  • This quiz has been taken 53 times
    25 since last reset
  • The average score is 12 of 29
Answer Stats
Map Type Answer % Correct
Regular Arena
88%
Big Big Arena
63%
Regular Crossroads
63%
Regular Docks
63%
Big Big Crossroads
56%
Experimental Factory
56%
Regular Splash
56%
Regular Construction
50%
Experimental Sandbox
50%
Regular Museum
44%
Regular Onyx
44%
Regular Battleground
38%
Big Big Onyx
38%
Regular Dimension
38%
Regular Graveyard
38%
Regular Station
38%
Regular Studio
38%
Regular Backrooms
31%
Big Big Backrooms
31%
Big Big Splash
31%
Big Big Station
31%
Regular Bridge
31%
Big Big Graveyard
25%
Regular Chess
25%
Regular Shooting Range
25%
Regular Iceberg
19%
Regular Village
19%
Regular Westown
19%
Regular Playground
13%
No matching quizzes found
Score Distribution
Percent of People with Each Score
Percentile by Number Answered
Your Score History
You have not taken this quiz since the last reset